000 01097nam a2200277 a 4500
001 48937
003 BD-RjUL
005 20211209054618.0
008 160817s1979 bg ||||| |||| 00| f ben d
020 _c: Tk. 25.00
035 _a(BD-RjUL)49056
040 _aBD-RjUL
_bben
_cBD-RjUL
041 _aben
082 _223
_a896.3
_bAMN 1979
100 1 _aআমাদি, এলেচি
_9147382
245 1 0 _aনিঃসঙ্গ /
_cএলেচি আমাদি ; মোবারক হোসেন খান অনূদিত
260 _aঢাকা :
_bবাংলা একাডেমী,
_c১৯৭৯
300 _a[৮], ৩০৬ পৃ. ;
_c২১ সেমি.
490 _aবাএ ;
_v১০০১
500 _a"মূল উপন্যাসের নাম: দি কনকুবাইন"
650 _aআফ্রিকান উপন্যাস
_9147383
650 _aArfican Fiction
_9147384
700 _a খান, মোবারক হোসেন, অনুবাদক
_9239692
830 _aবাএ ;
_v১০০১
_9239693
942 _2ddc
_cBK
999 _c48937
_d48937